Laporan Tahunan Jabatan Kastam Diraja Malaysia Kelantan (Record no. 4609)

000 -LEADER
fixed length control field nas a22 a 4500
003 - CONTROL NUMBER IDENTIFIER
control field AKMAL
005 - DATE AND TIME OF LATEST TRANSACTION
control field 20170605152425.0
008 - FIXED-LENGTH DATA ELEMENTS--GENERAL INFORMATION
fixed length control field 170605c19999999my ar p 0 a|may |
040 ## - CATALOGING SOURCE
Original cataloging agency AKMAL
049 00 - LOCAL HOLDINGS (OCLC)
Holding library AKMAL
110 2# - MAIN ENTRY--CORPORATE NAME
Corporate name or jurisdiction name as entry element Kelantan
Subordinate unit Kastam Diraja Malaysia
9 (RLIN) 8876
245 00 - TITLE STATEMENT
Title Laporan Tahunan Jabatan Kastam Diraja Malaysia Kelantan
260 3# - PUBLICATION, DISTRIBUTION, ETC.
Place of publication, distribution, etc. Kota Bahru:
Name of publisher, distributor, etc. Kastam Diraja Malaysia Kelantan,
Date of publication, distribution, etc. 1999-
300 ## - PHYSICAL DESCRIPTION
Extent j.:
Other physical details il. wrn.;
Dimensions 30cm
310 ## - CURRENT PUBLICATION FREQUENCY
Current publication frequency Tahunan
500 ## - GENERAL NOTE
General note Huraian berdasarkan: 1999-
650 10 - SUBJECT ADDED ENTRY--TOPICAL TERM
Topical term or geographic name entry element Custom administration
Geographic subdivision Kelantan
Form subdivision Periodicals
9 (RLIN) 8877
650 20 - SUBJECT ADDED ENTRY--TOPICAL TERM
Topical term or geographic name entry element House organs
Geographic subdivision Kelantan
Form subdivision Periodicals
9 (RLIN) 8878
942 ## - ADDED ENTRY ELEMENTS (KOHA)
Source of classification or shelving scheme
Koha item type Periodicals
Holdings
Withdrawn status Lost status Source of classification or shelving scheme Damaged status Not for loan Collection code Home library Current library Shelving location Date acquired Inventory number Total Checkouts Barcode Date last seen Price effective from Koha item type
          NON-FICTION AKMAL Melaka AKMAL Melaka PINJAMAN 05.06.2017 000064 (1999)   201707599 05.06.2017 05.06.2017 Periodicals
          NON-FICTION AKMAL Melaka AKMAL Melaka PINJAMAN 05.06.2017 000766 (2000)   201707600 05.06.2017 05.06.2017 Periodicals
          NON-FICTION AKMAL Melaka AKMAL Melaka PINJAMAN 05.06.2017 000092 (2001)   201707392 05.06.2017 05.06.2017 Periodicals
Pusat Sumber Maklumat Dato' Haji Sarmin Md Hussin, Akademi Kastam Diraja Malaysia, Melaka
Tel: 06-2331106 | Faks: 06-2313787